[Event "IECC O-5023"]
[Site "IECC email"]
[Date "2022.02.21"]
[Round "?"]
[White "Higgins, Mike"]
[Black "McGowan, Stephen"]
[Result "1-0"]
[WhiteElo "1007"]
[BlackElo "1064"]
[PlyCount "65"]
[EventDate "2022.??.??"]
[EventType "swiss (corr)"]
[EventRounds "2"]
[SourceTitle "Corr 2024"]
[Source "ChessBase"]
[SourceDate "2023.10.19"]
[SourceVersion "1"]
[SourceVersionDate "2023.10.19"]
[SourceQuality "1"]
[WhiteTeam "Vereinigte Staaten"]
[BlackTeam "England"]
[WhiteTeamCountry "USA"]
[BlackTeamCountry "ENG"]

1. d4 d5 2. c4 dxc4 3. e4 b5 4. a4 Nf6 5. e5 Nd5 6. axb5 Nb6 7. b3 cxb3 8. Qxb3 Be6 9. Qf3 Qxd4 10. Qc3 Qe4+ 11. Be3 Nd5 12. Qd4 Qxd4 13. Bxd4 c6 14. Nc3 Nb4 15. Rxa7 Rxa7 16. Bxa7 Nd7 17. Nf3 f6 18. Be2 fxe5 19. 0-0 cxb5 20. Nxb5 Nd5 21. Bc4 e4 22. Nfd4 Bf7 23. f3 Ne3 24. Bxf7+ Kxf7 25. Re1 e5 26. Nc6 Nc2 27. Rd1 Nf6 28. Rd8 exf3 29. gxf3 g5 30. Nc7 g4 31. Nxe5+ Ke7 32. Rd2 Ne1 33. Bc5# 1-0